[Event "17. Obert Int. Sant Marti 2015 - B"]
[Site "Barcelona ESP"]
[Date "2015.07.14"]
[Round "2.20"]
[White "Chakrabarti, Tamal"]
[Black "Ferre Navarro, Joan"]
[Result "1-0"]
[WhiteElo "2009"]
[BlackElo "1912"]
[PlyCount "63"]
[EventDate "2015.07.13"]
[EventType "swiss"]
[EventRounds "9"]
[EventCountry "ESP"]
[SourceTitle "Ajedrez en Madrid"]
[Source "lmi"]
[SourceDate "2015.07.13"]
[SourceVersion "1"]
[SourceVersionDate "2019.06.21"]
[SourceQuality "1"]

1. e4 e5 2. Nf3 Nc6 3. Bc4 d6 4. c3 Bg4 5. d3 Be7 6. h3 Bxf3 7. Qxf3 Nf6 8. Bb3
h6 9. Nd2 O-O 10. Nf1 Nh7 11. Ng3 Bf6 12. Bd5 Na5 13. Nf5 c6 14. Bb3 Nxb3 15.
axb3 Kh8 16. h4 d5 17. g4 dxe4 18. dxe4 a6 19. g5 Be7 20. Be3 c5 21. Qg3 Qc7
22. Nxg7 Rg8 23. Nf5 Rad8 24. Nxh6 Rg7 25. Nf5 Rgg8 26. Qf3 Rd3 27. Nh6 Rf8 28.
Nxf7+ Kg7 29. g6 Nf6 30. h5 Ng8 31. h6+ Kxg6 32. Qf5# 1-0

[Event "17. Obert Int. Sant Marti 2015 - B"]
[Site "Barcelona ESP"]
[Date "2015.07.14"]
[Round "2.21"]
[White "Pascual Gonzalez-Novelles, Carles"]
[Black "Martinez Talavera, Jordi"]
[Result "1/2-1/2"]
[WhiteElo "1931"]
[BlackElo "2008"]
[PlyCount "94"]
[EventDate "2015.07.13"]
[EventType "swiss"]
[EventRounds "9"]
[EventCountry "ESP"]
[SourceTitle "Ajedrez en Madrid"]
[Source "lmi"]
[SourceDate "2015.07.13"]
[SourceVersion "1"]
[SourceVersionDate "2019.06.21"]
[SourceQuality "1"]

1. e4 g6 2. d4 Bg7 3. f4 d6 4. Nf3 a6 5. Bc4 Nd7 6. O-O b5 7. Bxf7+ Kf8 8. Ng5
Nb6 9. Be6 h6 10. Nf7 Qe8 11. f5 g5 12. Nxh8 Bxh8 13. c3 c5 14. Be3 Nc4 15. Qe2
Nxe3 16. Qxe3 Nf6 17. Nd2 Qc6 18. h4 cxd4 19. cxd4 Ng4 20. Qh3 Bxd4+ 21. Kh1 h5
22. Bd5 Qc2 23. Nf3 Bxb2 24. Bxa8 Nf2+ 25. Rxf2 Qxf2 26. hxg5 Bxa1 27. Qxh5 Be5
28. Nxe5 Qf1+ 29. Kh2 Qf4+ 30. Kg1 Qxe5 31. Bd5 Qg7 32. Bc6 Qf7 33. g6 Qg7 34.
Kh2 e6 35. Qg5 Qe5+ 36. g3 exf5 37. Qd8+ Kg7 38. Qxc8 fxe4 39. Qb7+ Kxg6 40.
Bxe4+ Kf6 41. Qa8 Qb2+ 42. Kh3 Qxa2 43. Qf8+ Ke5 44. Qf4+ Ke6 45. Bf5+ Ke7 46.
Qg5+ Ke8 47. Qf6 Qe2 1/2-1/2

[Event "17. Obert Int. Sant Marti 2015 - B"]
[Site "Barcelona ESP"]
[Date "2015.07.14"]
[Round "2.22"]
[White "Vicente Soriano, Josep"]
[Black "Alquezar Calpena, Marc"]
[Result "1-0"]
[WhiteElo "2006"]
[BlackElo "1907"]
[PlyCount "61"]
[EventDate "2015.07.13"]
[EventType "swiss"]
[EventRounds "9"]
[EventCountry "ESP"]
[SourceTitle "Ajedrez en Madrid"]
[Source "lmi"]
[SourceDate "2015.07.13"]
[SourceVersion "1"]
[SourceVersionDate "2019.06.21"]
[SourceQuality "1"]

1. e4 c5 2. Nc3 Nc6 3. f4 e6 4. Nf3 d5 5. d3 Nf6 6. e5 d4 7. Ne4 Nxe4 8. dxe4
g6 9. a3 Be7 10. Bd3 b6 11. O-O Bb7 12. Qe2 Qc7 13. Bd2 O-O 14. Rac1 Rac8 15.
c3 Rfd8 16. Kh1 dxc3 17. Bxc3 Rd7 18. f5 Rcd8 19. Bc4 exf5 20. exf5 Nd4 21.
Bxd4 Rxd4 22. Nxd4 Rxd4 23. fxg6 Qc6 24. gxh7+ Kh8 25. Kg1 Bg5 26. Rc2 Qh6 27.
Rf3 Bxf3 28. Qxf3 Qxh7 29. Rc3 Qb1+ 30. Bf1 Rd1 31. Qh5+ 1-0

[Event "17. Obert Int. Sant Marti 2015 - B"]
[Site "Barcelona ESP"]
[Date "2015.07.14"]
[Round "2.23"]
[White "Aparici Dealbert, Manel"]
[Black "Pascual Duran, Pau"]
[Result "1/2-1/2"]
[WhiteElo "1988"]
[BlackElo "1897"]
[PlyCount "72"]
[EventDate "2015.07.13"]
[EventType "swiss"]
[EventRounds "9"]
[EventCountry "ESP"]
[SourceTitle "Ajedrez en Madrid"]
[Source "lmi"]
[SourceDate "2015.07.13"]
[SourceVersion "1"]
[SourceVersionDate "2019.06.21"]
[SourceQuality "1"]

1. d4 Nf6 2. c4 g6 3. Nc3 Bg7 4. Nf3 d6 5. Bf4 O-O 6. Qd2 Re8 7. Rd1 Nbd7 8. e4
Nh5 9. Be3 e5 10. dxe5 Nxe5 11. Nxe5 Bxe5 12. Bd4 Bf4 13. Be3 Be5 14. Be2 Nf6
15. Bd4 Ng4 16. Bxe5 Nxe5 17. O-O Qh4 18. f4 Ng4 19. Bxg4 Bxg4 20. Rde1 Bd7 21.
Nd5 Qd8 22. Qc3 Re6 23. f5 Re5 24. fxg6 hxg6 25. Nf6+ Kg7 26. Re3 Be6 27. Ref3
Qh8 28. Rf4 Qh6 29. Ng4 Bxg4 30. Rxg4 Rh8 31. h3 g5 32. Rf5 f6 33. Qf3 Rxf5 34.
exf5 Re8 35. h4 Re5 36. Qf4 Qxh4 1/2-1/2

[Event "17. Obert Int. Sant Marti 2015 - B"]
[Site "Barcelona ESP"]
[Date "2015.07.14"]
[Round "2.24"]
[White "Arce, Sebastian"]
[Black "Maynat Diaz, Jose Antonio"]
[Result "0-1"]
[WhiteElo "1914"]
[BlackElo "2003"]
[PlyCount "116"]
[EventDate "2015.07.13"]
[EventType "swiss"]
[EventRounds "9"]
[EventCountry "ESP"]
[SourceTitle "Ajedrez en Madrid"]
[Source "lmi"]
[SourceDate "2015.07.13"]
[SourceVersion "1"]
[SourceVersionDate "2019.06.21"]
[SourceQuality "1"]

1. e4 c5 2. Nf3 Nc6 3. d4 cxd4 4. Nxd4 e5 5. Nb5 a6 6. Nd6+ Bxd6 7. Qxd6 Qf6 8.
Qa3 Qg6 9. Be3 Qxe4 10. Nc3 Qb4 11. Qxb4 Nxb4 12. O-O-O Ne7 13. Bc5 Nbc6 14.
Ne4 O-O 15. Nd6 Rb8 16. Bb6 g6 17. c3 Nf5 18. Nxf5 gxf5 19. Bc7 Ra8 20. Bd6 Re8
21. f4 e4 22. Bc4 b5 23. Bd5 Bb7 24. g4 Kg7 25. gxf5 Kf6 26. Rhg1 h6 27. Rg4
Na5 28. Rh4 e3 29. Bxb7 Nxb7 30. Be5+ Kxf5 31. Re1 f6 32. Bd4 e2 33. Kd2 Nd6
34. Rxe2 Nc4+ 35. Kd3 Rxe2 36. Kxe2 Re8+ 37. Kf3 Nd2+ 38. Kf2 Ne4+ 39. Ke3
Nxc3+ 40. Kd3 Nxa2 41. Rxh6 Re6 42. h3 Nc1+ 43. Kd2 Nb3+ 44. Kd3 Rd6 45. Rxf6+
Rxf6 46. Bxf6 Kxf6 47. h4 Nc5+ 48. Kd4 Ne6+ 49. Ke4 a5 50. h5 a4 51. f5 Nf8 52.
Kd5 b4 53. Kc4 a3 54. bxa3 bxa3 55. Kb3 Kxf5 56. Kxa3 d5 57. Kb3 d4 58. Kc2 Kg5
0-1

[Event "17. Obert Int. Sant Marti 2015 - B"]
[Site "Barcelona ESP"]
[Date "2015.07.14"]
[Round "2.25"]
[White "Julia Yebra, David"]
[Black "Martin Sanchez, Antoni"]
[Result "1-0"]
[WhiteElo "2002"]
[BlackElo "1903"]
[PlyCount "40"]
[EventDate "2015.07.13"]
[EventType "swiss"]
[EventRounds "9"]
[EventCountry "ESP"]
[SourceTitle "Ajedrez en Madrid"]
[Source "lmi"]
[SourceDate "2015.07.13"]
[SourceVersion "1"]
[SourceVersionDate "2019.06.21"]
[SourceQuality "1"]

1. c4 c5 2. Nc3 Nc6 3. g3 Nf6 4. Bg2 g6 5. e4 d6 6. Nge2 Bg7 7. O-O O-O 8. d3
a6 9. a3 e5 10. Rb1 Bd7 11. Bg5 Nd4 12. Nxd4 cxd4 13. Nd5 Bc6 14. Bxf6 Bxf6 15.
Nxf6+ Qxf6 16. f4 exf4 17. Rxf4 Qe5 18. b4 Rae8 19. Qb3 b5 20. Rbf1 Bd7 1-0

[Event "17. Obert Int. Sant Marti 2015 - B"]
[Site "Barcelona ESP"]
[Date "2015.07.14"]
[Round "2.26"]
[White "Sobrevia Castellar, Lluis"]
[Black "Ferres Saez, Joan"]
[Result "0-1"]
[WhiteElo "1999"]
[BlackElo "1901"]
[PlyCount "68"]
[EventDate "2015.07.13"]
[EventType "swiss"]
[EventRounds "9"]
[EventCountry "ESP"]
[SourceTitle "Ajedrez en Madrid"]
[Source "lmi"]
[SourceDate "2015.07.13"]
[SourceVersion "1"]
[SourceVersionDate "2019.06.21"]
[SourceQuality "1"]

1. d4 Nf6 2. c4 g6 3. Nc3 d5 4. cxd5 Nxd5 5. e3 Bg7 6. Nf3 O-O 7. Bc4 Nxc3 8.
bxc3 c5 9. O-O Nc6 10. Rb1 cxd4 11. cxd4 a6 12. a4 Na5 13. Bd3 Be6 14. Ba3 Bc4
15. Bxc4 Nxc4 16. Bc5 b6 17. Bb4 a5 18. Bc3 Rc8 19. Qb3 Rc6 20. Rbc1 Qc7 21. d5
Rc5 22. Bd4 Nd2 23. Rxc5 bxc5 24. Nxd2 cxd4 25. Qc4 Qa7 26. e4 Rb8 27. Rc1 Bh6
28. Qd3 Rb4 29. Rc4 Bxd2 30. Rc8+ Kg7 31. Qxd2 Rxa4 32. g4 Qd7 33. Qd1 Qxc8 34.
Qxa4 Qxg4+ 0-1

[Event "17. Obert Int. Sant Marti 2015 - B"]
[Site "Barcelona ESP"]
[Date "2015.07.14"]
[Round "2.27"]
[White "Tortosa Moros, Joan"]
[Black "Collell Rodriguez, Victor"]
[Result "1/2-1/2"]
[WhiteElo "1911"]
[BlackElo "1987"]
[PlyCount "97"]
[EventDate "2015.07.13"]
[EventType "swiss"]
[EventRounds "9"]
[EventCountry "ESP"]
[SourceTitle "Ajedrez en Madrid"]
[Source "lmi"]
[SourceDate "2015.07.13"]
[SourceVersion "1"]
[SourceVersionDate "2019.06.21"]
[SourceQuality "1"]

1. e4 c5 2. Nf3 Nc6 3. d4 cxd4 4. Nxd4 Nf6 5. Nc3 d6 6. Bg5 e6 7. Qd2 a6 8.
O-O-O h6 9. Bxf6 gxf6 10. f4 h5 11. Kb1 Nxd4 12. Qxd4 b5 13. e5 fxe5 14. fxe5
d5 15. Ne4 Be7 16. Nf6+ Bxf6 17. exf6 Rh6 18. Be2 Qxf6 19. Qxf6 Rxf6 20. Bxh5
Rh6 21. Bf3 Bb7 22. Rde1 O-O-O 23. Re5 d4 24. Bxb7+ Kxb7 25. h3 Rg8 26. Re2
Rhg6 27. Rg1 Rg3 28. Rf1 R8g7 29. a3 Kc6 30. Rff2 Kd5 31. b3 Re3 32. Kc1 f5 33.
Kd2 Rgg3 34. Kc1 Ke4 35. Rd2 f4 36. Kb2 f3 37. gxf3+ Rgxf3 38. Rxf3 Rxf3 39.
Rh2 Rf5 40. h4 Rh5 41. Re2+ Kf5 42. Rh2 Kg4 43. c4 dxc3+ 44. Kxc3 e5 45. Kd3
Kg3 46. Rh1 Kg2 47. Re1 a5 48. Re4 Kf3 49. Re1 1/2-1/2

[Event "17. Obert Int. Sant Marti 2015 - B"]
[Site "Barcelona ESP"]
[Date "2015.07.14"]
[Round "2.28"]
[White "Fernandez Pintado, Xavier"]
[Black "Torres Julian, Marc"]
[Result "1/2-1/2"]
[WhiteElo "1906"]
[BlackElo "1976"]
[PlyCount "69"]
[EventDate "2015.07.13"]
[EventType "swiss"]
[EventRounds "9"]
[EventCountry "ESP"]
[SourceTitle "Ajedrez en Madrid"]
[Source "lmi"]
[SourceDate "2015.07.13"]
[SourceVersion "1"]
[SourceVersionDate "2019.06.21"]
[SourceQuality "1"]

1. d4 Nf6 2. c4 c5 3. d5 e6 4. Nc3 exd5 5. cxd5 d6 6. e4 a6 7. Bd3 g6 8. Bg5 b5
9. Nf3 Bg4 10. h3 Bxf3 11. Qxf3 Bg7 12. e5 dxe5 13. Ne4 Qa5+ 14. Bd2 Qb6 15. d6
Nxe4 16. Bxe4 Ra7 17. Rd1 O-O 18. b4 a5 19. bxc5 Qxc5 20. O-O Rd7 21. Bxa5 Rxd6
22. a3 Rxd1 23. Rxd1 Qc8 24. Bb4 Rd8 25. Bd5 Rd7 26. g3 Na6 27. Ba5 Qc2 28. Rd2
Qa4 29. Bxf7+ Rxf7 30. Qa8+ Bf8 31. Qxa6 Qxa3 32. Qxb5 e4 33. Re2 Qf3 34. Bb6
Qf5 35. Qc4 1/2-1/2

[Event "17. Obert Int. Sant Marti 2015 - B"]
[Site "Barcelona ESP"]
[Date "2015.07.14"]
[Round "2.29"]
[White "Torralba Brosa, Marc"]
[Black "Caro Martinez, Ramon"]
[Result "0-1"]
[WhiteElo "1900"]
[BlackElo "1969"]
[PlyCount "132"]
[EventDate "2015.07.13"]
[EventType "swiss"]
[EventRounds "9"]
[EventCountry "ESP"]
[SourceTitle "Ajedrez en Madrid"]
[Source "lmi"]
[SourceDate "2015.07.13"]
[SourceVersion "1"]
[SourceVersionDate "2019.06.21"]
[SourceQuality "1"]

1. e4 d6 2. d4 g6 3. Nf3 Bg7 4. Be2 Nf6 5. Nc3 O-O 6. O-O a6 7. Re1 b5 8. e5
dxe5 9. Nxe5 Bb7 10. Bf3 c6 11. Bg5 Nd5 12. Nxd5 cxd5 13. Nd3 Re8 14. Nc5 Bc6
15. c3 Nd7 16. Nd3 Nf6 17. Bxf6 Bxf6 18. Qb3 e6 19. Nc5 a5 20. Re2 b4 21. Rae1
Rb8 22. Qc2 Qb6 23. Qd2 Bb5 24. Qf4 Qd8 25. Rc2 Bg5 26. Qe5 Qf6 27. Qxf6 Bxf6
28. Be2 Bc6 29. cxb4 Rxb4 30. Nd3 Rc4 31. Rxc4 dxc4 32. Ne5 Bxe5 33. dxe5 Bd5
34. Rc1 Rb8 35. Rc2 a4 36. f3 Rc8 37. b3 axb3 38. axb3 c3 39. Kf2 Bxb3 40. Rc1
Kf8 41. Ke3 Ke7 42. Kd4 f6 43. f4 c2 44. Bd3 fxe5+ 45. Kxe5 Kf8 46. Kd4 Kg7 47.
Ke3 Kf6 48. Kd2 Rd8 49. Kc3 Bd5 50. g3 Rc8+ 51. Kd2 Bb3 52. Ke3 Kg7 53. Kd2 Kh6
54. g4 g5 55. fxg5+ Kxg5 56. Bxh7 Rh8 57. Bxc2 Rxh2+ 58. Kc3 Bxc2 59. Rxc2
Rxc2+ 60. Kxc2 Kxg4 61. Kd3 Kf3 62. Kd4 Kf4 63. Kd3 e5 64. Kd2 Kf3 65. Kd1 e4
66. Ke1 Ke3 0-1

[Event "17. Obert Int. Sant Marti 2015 - B"]
[Site "Barcelona ESP"]
[Date "2015.07.14"]
[Round "2.30"]
[White "Brunet Gil, Pol"]
[Black "Febrero Perez, Lluis"]
[Result "1-0"]
[WhiteElo "1967"]
[BlackElo "1787"]
[PlyCount "63"]
[EventDate "2015.07.13"]
[EventType "swiss"]
[EventRounds "9"]
[EventCountry "ESP"]
[SourceTitle "Ajedrez en Madrid"]
[Source "lmi"]
[SourceDate "2015.07.13"]
[SourceVersion "1"]
[SourceVersionDate "2019.06.21"]
[SourceQuality "1"]

1. e4 e5 2. Nf3 Nc6 3. d4 exd4 4. Nxd4 Qh4 5. Nc3 Bb4 6. Be2 Bxc3+ 7. bxc3 Qxe4
8. Nb5 Kd8 9. O-O a6 10. Bd3 Qd5 11. c4 Qe5 12. Re1 Qc5 13. Be3 Qf8 14. Nc3
Nge7 15. Qf3 d6 16. c5 Ne5 17. Qe2 Nf5 18. Bf4 f6 19. Rad1 Ng6 20. Bc1 Bd7 21.
Ba3 Nf4 22. Qf3 Nxd3 23. Rxd3 Rb8 24. Red1 b5 25. cxd6 c6 26. Bb4 Kc8 27. Ne4
Qd8 28. Nc5 Nh4 29. Qh5 g5 30. Re1 Nf5 31. Qf7 a5 32. Bxa5 1-0

[Event "17. Obert Int. Sant Marti 2015 - B"]
[Site "Barcelona ESP"]
[Date "2015.07.14"]
[Round "2.31"]
[White "Porta Guiu, Lourdes"]
[Black "Hinarejos Montano, Andres"]
[Result "0-1"]
[WhiteElo "1700"]
[BlackElo "1854"]
[PlyCount "98"]
[EventDate "2015.07.13"]
[EventType "swiss"]
[EventRounds "9"]
[EventCountry "ESP"]
[SourceTitle "Ajedrez en Madrid"]
[Source "lmi"]
[SourceDate "2015.07.13"]
[SourceVersion "1"]
[SourceVersionDate "2019.06.21"]
[SourceQuality "1"]

1. d4 d5 2. c4 c6 3. cxd5 cxd5 4. Bf4 e6 5. e3 Be7 6. Bd3 Nf6 7. Nf3 h6 8. O-O
O-O 9. h3 Nc6 10. Nc3 a6 11. Qd2 Kh8 12. a3 Ng8 13. b4 f5 14. Rfc1 Bd7 15. a4
Nxb4 16. Be2 Nc6 17. Rab1 Na5 18. Ne1 Qe8 19. f3 Bc6 20. Nd3 Nc4 21. Qd1 Bd6
22. Bxd6 Nxd6 23. Ne5 Nf6 24. Bd3 Rg8 25. Rc2 Bxa4 26. Nxa4 Qxa4 27. Rcc1 Qxd1+
28. Rxd1 b5 29. Ra1 Kh7 30. Rdc1 Nc4 31. Kf2 Nxe5 32. dxe5 Nd7 33. f4 Rge8 34.
Rc6 Nb8 35. Rc2 b4 36. Rb2 Nc6 37. Bxa6 Reb8 38. Rbb1 Rb6 39. Bd3 Rxa1 40. Rxa1
b3 41. Rb1 Na5 42. g4 g6 43. Kf3 b2 44. h4 h5 45. g5 Nc4 46. Bxc4 dxc4 47. Ke2
c3 48. Kd1 Rc6 49. Kc2 Kg7 0-1

[Event "17. Obert Int. Sant Marti 2015 - B"]
[Site "Barcelona ESP"]
[Date "2015.07.14"]
[Round "2.32"]
[White "Bes Alvarez, Alex"]
[Black "Gonzalez Jurado, Jesus"]
[Result "0-1"]
[WhiteElo "1743"]
[BlackElo "1966"]
[PlyCount "56"]
[EventDate "2015.07.13"]
[EventType "swiss"]
[EventRounds "9"]
[EventCountry "ESP"]
[SourceTitle "Ajedrez en Madrid"]
[Source "lmi"]
[SourceDate "2015.07.13"]
[SourceVersion "1"]
[SourceVersionDate "2019.06.21"]
[SourceQuality "1"]

1. d4 Nf6 2. c4 d6 3. g3 g6 4. Bg2 Bg7 5. Bf4 O-O 6. Nc3 c6 7. e4 Qb6 8. Rb1
Nbd7 9. Nge2 e5 10. Bg5 h6 11. Be3 Ng4 12. Bd2 exd4 13. Nxd4 Nxf2 14. Kxf2
Qxd4+ 15. Be3 Qxc4 16. Qxd6 Ne5 17. Kg1 Bg4 18. h3 Bf3 19. Bxh6 Rfd8 20. Qe7
Re8 21. Qg5 Rad8 22. Bxg7 Kxg7 23. Qf4 Qc5+ 24. Kh2 Qf2 25. Rhg1 Rd2 26. Rbf1
Ng4+ 27. Kh1 Bxg2+ 28. Rxg2 Qxg2# 0-1

[Event "17. Obert Int. Sant Marti 2015 - B"]
[Site "Barcelona ESP"]
[Date "2015.07.14"]
[Round "2.33"]
[White "Minko, Olga"]
[Black "Perez Cuadrado, Eduardo"]
[Result "0-1"]
[WhiteElo "1559"]
[BlackElo "1960"]
[PlyCount "80"]
[EventDate "2015.07.13"]
[EventType "swiss"]
[EventRounds "9"]
[EventCountry "ESP"]
[SourceTitle "Ajedrez en Madrid"]
[Source "lmi"]
[SourceDate "2015.07.13"]
[SourceVersion "1"]
[SourceVersionDate "2019.06.21"]
[SourceQuality "1"]

1. e4 d6 2. d4 Nf6 3. Nc3 g6 4. Bc4 Bg7 5. Nf3 O-O 6. O-O c6 7. Bg5 b5 8. Bb3
a5 9. a3 Na6 10. Bxf6 Bxf6 11. e5 Bg7 12. Re1 d5 13. a4 b4 14. Ne2 Bg4 15. Nf4
Bh6 16. Nd3 Qb6 17. Nc5 Nxc5 18. dxc5 Qxc5 19. h3 Bxf3 20. Qxf3 Bg7 21. Qg3 e6
22. Rad1 Qa7 23. Qf4 c5 24. c4 bxc3 25. bxc3 c4 26. Bc2 Rab8 27. Rb1 Qc7 28.
Qd4 Rxb1 29. Bxb1 Rb8 30. f4 Rb2 31. Qe3 Bh6 32. Qg3 Qb6+ 33. Kh2 Rxb1 34. Rxb1
Qxb1 35. Qh4 Bf8 36. Qd8 Qe4 37. Kg3 Qe3+ 38. Kg4 h5+ 39. Kg5 Qg3+ 40. Kf6 Qh4#
0-1

[Event "17. Obert Int. Sant Marti 2015 - B"]
[Site "Barcelona ESP"]
[Date "2015.07.14"]
[Round "2.34"]
[White "Cano Vila, Eduard"]
[Black "Ramos Alvarez, Maximo"]
[Result "0-1"]
[WhiteElo "1804"]
[BlackElo "2002"]
[PlyCount "78"]
[EventDate "2015.07.13"]
[EventType "swiss"]
[EventRounds "9"]
[EventCountry "ESP"]
[SourceTitle "Ajedrez en Madrid"]
[Source "lmi"]
[SourceDate "2015.07.13"]
[SourceVersion "1"]
[SourceVersionDate "2019.06.21"]
[SourceQuality "1"]

1. e4 d5 2. exd5 Nf6 3. Nc3 Nxd5 4. Nxd5 Qxd5 5. d4 Nc6 6. Nf3 Bg4 7. Be3 O-O-O
8. c3 Qh5 9. Be2 e5 10. Qd2 Be7 11. O-O-O e4 12. Ng1 Bxe2 13. Nxe2 Qa5 14. Kb1
Ne5 15. Qc2 Nd3 16. Nf4 Nxf4 17. Bxf4 f5 18. Rhe1 Bd6 19. Bg3 f4 20. Bh4 g5 21.
Bxg5 Qxg5 22. Qxe4 Qg6 23. Qxg6 hxg6 24. h3 Rde8 25. f3 Re3 26. Kc2 Rhe8 27.
Rxe3 fxe3 28. Re1 Bg3 29. Re2 Bf2 30. Kd3 Kd7 31. b4 Re6 32. a4 Ke7 33. d5 Re5
34. Kd4 Kf6 35. f4 Re8 36. g4 Rh8 37. c4 Rxh3 38. c5 Rh1 39. d6 Rd1+ 0-1

[Event "17. Obert Int. Sant Marti 2015 - B"]
[Site "Barcelona ESP"]
[Date "2015.07.14"]
[Round "2.35"]
[White "Guinjoan Fradera, Joan"]
[Black "Riera Danes, Manel"]
[Result "0-1"]
[WhiteElo "1726"]
[BlackElo "1996"]
[PlyCount "106"]
[EventDate "2015.07.13"]
[EventType "swiss"]
[EventRounds "9"]
[EventCountry "ESP"]
[SourceTitle "Ajedrez en Madrid"]
[Source "lmi"]
[SourceDate "2015.07.13"]
[SourceVersion "1"]
[SourceVersionDate "2019.06.21"]
[SourceQuality "1"]

1. e4 c5 2. Nf3 Nc6 3. d4 cxd4 4. Nxd4 Nf6 5. Nc3 e5 6. Nb3 Bb4 7. Bd3 Bxc3+ 8.
bxc3 h6 9. f4 O-O 10. O-O d5 11. exd5 Nxd5 12. Qe1 Nxf4 13. Bxf4 exf4 14. Rxf4
Be6 15. Qf2 Qc7 16. Nd4 Nxd4 17. cxd4 Rac8 18. Qf3 b6 19. d5 Qc5+ 20. Qf2 Qxf2+
21. Rxf2 Bxd5 22. Re2 Be6 23. Re3 Rfd8 24. a3 Kf8 25. Kf2 Rc3 26. Re2 Rdc8 27.
a4 R8c5 28. g3 Bc4 29. Rae1 Be6 30. Ra1 g6 31. h4 h5 32. Rd2 Kg7 33. Re2 Kf6
34. Rd2 Ra5 35. Rdd1 Bg4 36. Rdc1 Bd7 37. Bb5 Bf5 38. Ra2 a6 39. Be2 b5 40. Rb2
bxa4 41. Rb6+ Kg7 42. Bxa6 Rxc2+ 43. Rxc2 Bxc2 44. Bc4 Ra7 45. Ba2 a3 46. Ke3
Bf5 47. Kf4 Be6 48. Bxe6 fxe6 49. Rb1 a2 50. Ra1 Kf6 51. Ke4 Ra4+ 52. Ke3 Kf5
53. Rf1+ Kg4 0-1

[Event "17. Obert Int. Sant Marti 2015 - B"]
[Site "Barcelona ESP"]
[Date "2015.07.14"]
[Round "2.37"]
[White "Moysen Cortes, Jessica"]
[Black "Raisin, Maxime"]
[Result "1/2-1/2"]
[WhiteElo "1961"]
[BlackElo "1777"]
[PlyCount "66"]
[EventDate "2015.07.13"]
[EventType "swiss"]
[EventRounds "9"]
[EventCountry "ESP"]
[SourceTitle "Ajedrez en Madrid"]
[Source "lmi"]
[SourceDate "2015.07.13"]
[SourceVersion "1"]
[SourceVersionDate "2019.06.21"]
[SourceQuality "1"]

1. e4 e6 2. d4 d5 3. e5 c5 4. c3 Nc6 5. Nf3 Qb6 6. Qb3 Qxb3 7. axb3 cxd4 8.
cxd4 Bb4+ 9. Nc3 Nge7 10. Bd3 O-O 11. O-O Bd7 12. Be3 Na5 13. Na2 Nac6 14. Rfc1
Rfc8 15. Bb5 Ba5 16. Nc3 Bb6 17. Na4 h6 18. Nxb6 axb6 19. Ra4 Ra5 20. Bd3 Rca8
21. Rxa5 bxa5 22. Bb5 Be8 23. Kf1 Nf5 24. Ke2 Ncxd4+ 25. Nxd4 Nxd4+ 26. Bxd4
Bxb5+ 27. Ke3 Bc6 28. Rc5 a4 29. b4 a3 30. Ra5 Rxa5 31. bxa5 axb2 32. Bxb2 d4+
33. Kxd4 Bxg2 1/2-1/2

[Event "17. Obert Int. Sant Marti 2015 - B"]
[Site "Barcelona ESP"]
[Date "2015.07.14"]
[Round "2.38"]
[White "Canela Gimenez, M|_ Concepción"]
[Black "Grasa Solanas, Oscar"]
[Result "1-0"]
[WhiteElo "1959"]
[BlackElo "1682"]
[PlyCount "93"]
[EventDate "2015.07.13"]
[EventType "swiss"]
[EventRounds "9"]
[EventCountry "ESP"]
[SourceTitle "Ajedrez en Madrid"]
[Source "lmi"]
[SourceDate "2015.07.13"]
[SourceVersion "1"]
[SourceVersionDate "2019.06.21"]
[SourceQuality "1"]

1. e4 d5 2. exd5 Qxd5 3. Nc3 Qd6 4. Nf3 Bg4 5. Be2 Nc6 6. O-O O-O-O 7. d3 a6 8.
Be3 Nf6 9. Ng5 Bxe2 10. Qxe2 Ne5 11. Bf4 Nd5 12. Bxe5 Nxc3 13. bxc3 Qg6 14. Ne4
Rd5 15. Bg3 e5 16. h3 f5 17. Nd2 f4 18. Bh2 Bd6 19. Qg4+ Qxg4 20. hxg4 h5 21.
c4 Rc5 22. Ne4 Rc6 23. g5 Be7 24. f3 h4 25. Kf2 Rh5 26. Rh1 Bxg5 27. Ke2 Be7
28. Bg1 g5 29. Bf2 Rhh6 30. Rab1 b6 31. a4 a5 32. Rb5 Rhe6 33. Rhb1 Rh6 34.
Rxe5 Bd8 35. Rbb5 h3 36. gxh3 Rxh3 37. Nxg5 Rh1 38. Re8 Kd7 39. Rg8 Be7 40.
Rd5+ Rd6 41. Ne4 Rxd5 42. cxd5 Ra1 43. Nc3 Ra3 44. Bd4 Bb4 45. Rg7+ Kc8 46. Nb5
Rxa4 47. Rxc7+ 1-0

[Event "17. Obert Int. Sant Marti 2015 - B"]
[Site "Barcelona ESP"]
[Date "2015.07.14"]
[Round "2.39"]
[White "Ylla Soro, Rafael"]
[Black "Subirana Santos, Marc"]
[Result "0-1"]
[WhiteElo "1811"]
[BlackElo "1949"]
[PlyCount "128"]
[EventDate "2015.07.13"]
[EventType "swiss"]
[EventRounds "9"]
[EventCountry "ESP"]
[SourceTitle "Ajedrez en Madrid"]
[Source "lmi"]
[SourceDate "2015.07.13"]
[SourceVersion "1"]
[SourceVersionDate "2019.06.21"]
[SourceQuality "1"]

1. e4 g6 2. d4 Bg7 3. Nf3 d6 4. Be2 Nd7 5. O-O e5 6. Be3 Ngf6 7. Qd3 O-O 8. h3
Nh5 9. dxe5 dxe5 10. Qd2 Nf4 11. Bc4 Nb6 12. Bb3 Qxd2 13. Bxd2 Bd7 14. Bc3 Ne2+
15. Kh1 Nd4 16. Nbd2 Nxb3 17. Nxb3 f6 18. Rad1 Bb5 19. Rfe1 Na4 20. Rd5 Nxc3
21. bxc3 Bc6 22. Rd3 b6 23. Nfd2 Rad8 24. f3 Rxd3 25. cxd3 Bb5 26. d4 Bh6 27.
d5 Rd8 28. c4 Ba4 29. Rc1 c6 30. Rc2 Be3 31. g3 Kf8 32. Kg2 Ke7 33. Kf1 b5 34.
Ke2 Bh6 35. Kd3 bxc4+ 36. Kxc4 cxd5+ 37. exd5 Rc8+ 38. Kd3 Bb5+ 39. Nc4 Rd8 40.
Ke4 Bg7 41. d6+ Kf7 42. Kd5 Bf8 43. Nba5 Bd7 44. g4 Be6+ 45. Kc6 f5 46. Rb2
Rc8+ 47. Kb7 Rxc4 48. Nxc4 Bxc4 49. d7 Be7 50. Kc7 Bd5 51. d8=Q Bxd8+ 52. Kxd8
Bxf3 53. g5 f4 54. Rd2 Ke6 55. Rd7 e4 56. Rxh7 a5 57. Ra7 e3 58. Ra6+ Ke5 59.
Rxa5+ Bd5 60. Ra7 f3 61. Re7+ Be6 62. Ra7 f2 63. Ra5+ Bd5 64. Ra3 Kf4 0-1

[Event "17. Obert Int. Sant Marti 2015 - B"]
[Site "Barcelona ESP"]
[Date "2015.07.14"]
[Round "2.40"]
[White "Gonzalez Martin, Fernando"]
[Black "Porta Chicote, David"]
[Result "1-0"]
[WhiteElo "1921"]
[BlackElo "1753"]
[PlyCount "125"]
[EventDate "2015.07.13"]
[EventType "swiss"]
[EventRounds "9"]
[EventCountry "ESP"]
[SourceTitle "Ajedrez en Madrid"]
[Source "lmi"]
[SourceDate "2015.07.13"]
[SourceVersion "1"]
[SourceVersionDate "2019.06.21"]
[SourceQuality "1"]

1. d4 d5 2. c4 c5 3. Nf3 e6 4. Nc3 Nf6 5. cxd5 Nxd5 6. e3 cxd4 7. exd4 Bb4 8.
Bd2 O-O 9. Bd3 Re8 10. O-O Nc6 11. Qe2 Nf6 12. Be3 e5 13. dxe5 Nxe5 14. Rfd1
Nxf3+ 15. gxf3 Qe7 16. Ne4 Bd7 17. Bg5 Bc6 18. Nxf6+ gxf6 19. Qxe7 Bxe7 20. Bh4
Bxf3 21. Bb5 Red8 22. Re1 Kf8 23. Re3 Bh5 24. Rae1 Bc5 25. Rh3 Rd6 26. Bg3 Rd5
27. Bc4 Rg5 28. Kg2 Rd8 29. Be2 Bg6 30. Bf3 Rd2 31. Re2 Rd7 32. Rh4 b6 33. Ra4
a5 34. h4 Rxg3+ 35. fxg3 Bd3 36. Re1 Bb4 37. Rd1 b5 38. Rxb4 axb4 39. Kf2 Bf5
40. Ke3 Ra7 41. Rd4 Rxa2 42. Rxb4 Bd7 43. Be2 Ra5 44. Kd4 Ra4 45. Kc5 Kg7 46.
Bxb5 Bxb5 47. Kxb5 Ra1 48. Kc4 Rg1 49. Rb3 Kg6 50. Rf3 Rc1+ 51. Rc3 Re1 52. b4
Re4+ 53. Kb3 Re1 54. b5 Rb1+ 55. Kc4 Kf5 56. Kc5 Ke6 57. Kc6 Rb4 58. b6 f5 59.
b7 Ke5 60. Kc7 Kd4 61. Rc6 Ke5 62. b8=Q Rxb8 63. Kxb8 1-0